[Event "VIE-ch (Women)"]
[Site "Hanoi"]
[Date "2017.04.20"]
[Round "7"]
[White "Hoang, Thi Nhu Y"]
[Black "Le, Thi Ha"]
[Result "0-1"]
[WhiteElo "2241"]
[BlackElo "1972"]
[PlyCount "88"]
[EventDate "2017.04.16"]
[EventType "swiss"]
[EventRounds "11"]
[EventCountry "VIE"]
[SourceTitle "CBM 178 Extra"]
[Source "ChessBase"]
[SourceDate "2017.06.22"]
[SourceVersion "1"]
[SourceVersionDate "2017.06.22"]
[SourceQuality "1"]

1. d4 Nf6 2. Nf3 b6 3. Bg5 h6 4. Bxf6 exf6 5. g3 Bb7 6. Bg2 Be7 7. 0-0 0-0 8. d5 f5 9. Nd4 Bf6 10. Nc3 g6 11. a4 c5 12. Ndb5 d6 13. Qd2 Bg7 14. Qf4 Be5 15. Qxh6 a6 16. Na3 Nd7 17. Nc4 Bg7 18. Qf4 Ne5 19. Na3 Ng4 20. Qd2 Qc7 21. h3 Ne5 22. Kh2 Rae8 23. e4 fxe4 24. Nxe4 f5 25. Ng5 Bh6 26. Ne6 Rxe6 27. Qxh6 Ref6 28. f4 Nf7 29. Qh4 Kg7 30. g4 fxg4 31. Qxg4 Nh6 32. Qg3 Nf5 33. Qc3 Nd4 34. Qe3 Qf7 35. Rad1 Re8 36. Qg3 Nf5 37. Qc3 Ne3 38. Nc4 Nxd1 39. Rxd1 Kg8 40. Nxb6 Rxf4 41. Nc4 Re2 42. Re1 Rxg2+ 43. Kxg2 Qxd5+ 44. Kg3 Qg5+ 0-1

[Event "VIE-ch (Women)"]
[Site "Hanoi"]
[Date "2017.04.18"]
[Round "4"]
[White "Hoang, Thi Nhu Y"]
[Black "Tran, Nhat Phuong"]
[Result "1-0"]
[WhiteElo "2241"]
[BlackElo "1466"]
[PlyCount "105"]
[EventDate "2017.04.16"]
[EventType "swiss"]
[EventRounds "11"]
[EventCountry "VIE"]
[SourceTitle "CBM 178 Extra"]
[Source "ChessBase"]
[SourceDate "2017.06.22"]
[SourceVersion "1"]
[SourceVersionDate "2017.06.22"]
[SourceQuality "1"]

1. d4 d5 2. Nf3 Nf6 3. Bf4 e6 4. e3 Be7 5. c4 c6 6. Nc3 Nbd7 7. h3 0-0 8. Qc2 b6 9. cxd5 exd5 10. Bd3 Bb7 11. Ne5 h6 12. 0-0 c5 13. Rad1 Nxe5 14. dxe5 Ne8 15. Qe2 Qd7 16. Bc2 Rd8 17. Nxd5 Bxd5 18. e4 Be6 19. Rxd7 Rxd7 20. Be3 f6 21. exf6 Bxf6 22. e5 Bxe5 23. Bxh6 gxh6 24. Qxe5 Ng7 25. Qe3 h5 26. Qh6 Rff7 27. Qh7+ Kf8 28. Qh8+ Ke7 29. Bg6 Rd8 30. Qh6 Nf5 31. Qg5+ Rf6 32. Bxf5 Bxf5 33. Qg7+ Rf7 34. Re1+ Be6 35. Qg5+ Rf6 36. f4 Kf7 37. Qxh5+ Kf8 38. Qh8+ Ke7 39. Qg7+ Rf7 40. Qg5+ Rf6 41. f5 Rd6 42. fxe6 Rdxe6 43. Rxe6+ Kxe6 44. h4 Rf5 45. Qe3+ Kf7 46. g4 Rf6 47. h5 Kg7 48. g5 Rf5 49. Qe7+ Rf7 50. Qe5+ Kg8 51. g6 Rf8 52. h6 Rd8 53. Qg7# 1-0

[Event "VIE-ch (Women)"]
[Site "Hanoi"]
[Date "2017.04.16"]
[Round "1"]
[White "Nguyen, Thi Thao Linh"]
[Black "Hoang, Thi Nhu Y"]
[Result "1-0"]
[WhiteElo "1830"]
[BlackElo "2241"]
[PlyCount "103"]
[EventDate "2017.04.16"]
[EventType "swiss"]
[EventRounds "11"]
[EventCountry "VIE"]
[SourceTitle "CBM 178 Extra"]
[Source "ChessBase"]
[SourceDate "2017.06.22"]
[SourceVersion "1"]
[SourceVersionDate "2017.06.22"]
[SourceQuality "1"]

1. d4 Nf6 2. e3 e6 3. Nf3 c5 4. Bd3 Be7 5. 0-0 b6 6. b3 cxd4 7. exd4 0-0 8. Bb2 Ba6 9. Ne5 Bb7 10. Nd2 d6 11. Nef3 Nbd7 12. c4 a5 13. Qe2 Re8 14. Rfd1 Qc7 15. Rac1 h6 16. h3 Rad8 17. Bb1 Qb8 18. Bd3 Qa8 19. a3 Bf8 20. Bb1 e5 21. d5 b5 22. Ne4 bxc4 23. bxc4 Nxe4 24. Qxe4 Nf6 25. Qf5 Bc8 26. Qc2 Bd7 27. c5 Rb8 28. Bc3 g6 29. c6 Bf5 30. Qd2 Rb5 31. Bxf5 gxf5 32. Qa2 Ne4 33. Nd2 Qa7 34. Nxe4 fxe4 35. Qc4 Qc5 36. Qxe4 Qxa3 37. Qg4+ Bg7 38. Bd2 h5 39. Qd7 Rbb8 40. Ra1 Qb3 41. Bxa5 e4 42. Bc7 Bxa1 43. Rxa1 e3 44. fxe3 Qxe3+ 45. Kh1 Rb5 46. Rf1 Re7 47. Qd8+ Kh7 48. Bxd6 Qe2 49. Rg1 Re3 50. Qg5 Rbb3 51. Qf5+ Kh8 52. c7 1-0

[Event "VIE-ch (Women)"]
[Site "Vietnam"]
[Date "2016.04.30"]
[Round "5"]
[White "Nguyen, Quynh Anh"]
[Black "Hoang, Thi Nhu Y"]
[Result "0-1"]
[WhiteElo "2165"]
[BlackElo "2247"]
[PlyCount "144"]
[EventDate "2016.04.27"]
[EventType "swiss"]
[EventRounds "9"]
[EventCountry "VIE"]
[SourceTitle "CBM 172 Extra"]
[Source "ChessBase"]
[SourceDate "2016.06.21"]
[SourceVersion "1"]
[SourceVersionDate "2016.06.21"]
[SourceQuality "1"]

1. e4 c6 2. d4 d5 3. exd5 cxd5 4. Bd3 Nc6 5. c3 Nf6 6. Bf4 Bg4 7. Qb3 Na5 8. Qa4+ Bd7 9. Qc2 g6 10. Nf3 Bg7 11. Nbd2 Rc8 12. Ne5 Nc6 13. Qb3 Nh5 14. Nxc6 Bxc6 15. Be3 Qd6 16. 0-0 0-0 17. Rfe1 b5 18. Nf3 Rfd8 19. Bg5 f6 20. Bd2 Bf8 21. a3 Rb8 22. Re4 Be8 23. Rae1 Bf7 24. Rh4 Re8 25. Bb1 Rb7 26. Qc2 Ng7 27. Bf4 Qc6 28. Qe2 a5 29. Bd2 e6 30. g4 Rc8 31. g5 f5 32. Ne5 Qb6 33. Bd3 Be8 34. Qf3 b4 35. axb4 axb4 36. c4 Rd8 37. c5 Qa5 38. Bb1 Qa1 39. Nd3 b3 40. Qh3 Nh5 41. Bc3 Ra8 42. Nf4 Nxf4 43. Rxf4 Qa6 44. Bd3 Qc6 45. Qe3 Bf7 46. Rf3 Qc7 47. Rh3 Rba7 48. Bb1 Ra1 49. Bd2 Rb8 50. Qg3 e5 51. dxe5 Bxc5 52. Qf4 Be6 53. Qh4 Rb7 54. Rc3 d4 55. Rcc1 Ra4 56. Bd3 Qe7 57. Qg3 Ra2 58. Rb1 Ba3 59. Bc1 Bb4 60. Rd1 Rc7 61. Bf4 Rc2 62. Qf3 Rcxb2 63. Rxb2 Rxb2 64. Qa8+ Kg7 65. Qb8 Ra2 66. Rc1 Bc3 67. Bb1 Ra1 68. Qb5 Qd7 69. Qd3 Qd5 70. Kf1 Qc4 71. Ke2 Bd5 72. e6 Rxb1 0-1

[Event "VIE-ch (Women)"]
[Site "Vietnam"]
[Date "2016.04.29"]
[Round "4"]
[White "Hoang, Thi Nhu Y"]
[Black "Doan, Thi Van Anh"]
[Result "1-0"]
[WhiteElo "2247"]
[BlackElo "1974"]
[PlyCount "105"]
[EventDate "2016.04.27"]
[EventType "swiss"]
[EventRounds "9"]
[EventCountry "VIE"]
[SourceTitle "CBM 172 Extra"]
[Source "ChessBase"]
[SourceDate "2016.06.21"]
[SourceVersion "1"]
[SourceVersionDate "2016.06.21"]
[SourceQuality "1"]

1. Nf3 Nf6 2. c4 g6 3. Nc3 Bg7 4. d4 d5 5. cxd5 Nxd5 6. e4 Nxc3 7. bxc3 0-0 8. Ba3 b6 9. Qc2 c5 10. Rd1 cxd4 11. cxd4 Bb7 12. Be2 Qc8 13. Qxc8 Rxc8 14. d5 Bf8 15. Nd4 Na6 16. Nc6 Nc5 17. Bxc5 Bxc6 18. dxc6 bxc5 19. Ba6 Rc7 20. Ke2 Bg7 21. Rd7 Rxd7 22. cxd7 Rd8 23. Bc8 Bd4 24. Rc1 c4 25. Rxc4 e5 26. f3 Kf8 27. Kd3 Ke7 28. Rc6 h5 29. a4 Bg1 30. h3 Rh8 31. a5 g5 32. Kc4 Bd4 33. Kb5 Kd8 34. Rd6 Ke7 35. Rd5 Kd8 36. Rd6 Ke7 37. Kc6 Kd8 38. Kb7 Bc3 39. Ra6 Bd4 40. Kb8 Bc5 41. Rf6 Rh7 42. Rf5 Rg7 43. Kb7 Bd4 44. h4 gxh4 45. Rxh5 Rg8 46. Rxh4 Ke7 47. g4 Bc3 48. Rh5 Bd4 49. Rh6 Kd8 50. Rh7 Ke7 51. g5 Bc3 52. g6 Rxg6 53. Rxf7+ 1-0

[Event "Asia Cup (Women)"]
[Site "Abu Dhabi"]
[Date "2016.04.02"]
[Round "6.4"]
[White "Enkhtuul, Altanulzii"]
[Black "Hoang, Thi Nhu Y"]
[Result "1/2-1/2"]
[WhiteElo "2209"]
[BlackElo "2247"]
[PlyCount "123"]
[EventDate "2016.03.28"]
[EventType "team-swiss"]
[EventRounds "9"]
[EventCountry "UAE"]
[SourceTitle "CBM 171 Extra"]
[Source "ChessBase"]
[SourceDate "2016.04.26"]
[SourceVersion "1"]
[SourceVersionDate "2016.04.26"]
[SourceQuality "1"]
[WhiteTeam "Mongolia (W)"]
[BlackTeam "Vietnam (W)"]
[WhiteTeamCountry "MGL"]
[BlackTeamCountry "VIE"]

1. d4 d5 2. Nf3 Nf6 3. g3 Bf5 4. Bg2 e6 5. 0-0 Be7 6. Nbd2 0-0 7. c4 c5 8. cxd5 exd5 9. dxc5 Bxc5 10. Nb3 Be7 11. Nbd4 Be4 12. Qb3 Qb6 13. Bd2 Nbd7 14. Rfc1 Rac8 15. Qxb6 Nxb6 16. Bh3 Rxc1+ 17. Rxc1 Nc4 18. b3 Nxd2 19. Nxd2 Rb8 20. Nb5 a6 21. Nd4 Bb4 22. N2f3 a5 23. Kf1 Ba3 24. Rc8+ Rxc8 25. Bxc8 b6 26. Bf5 Bc5 27. e3 Kf8 28. Ke2 Bxf5 29. Nxf5 g6 30. N5d4 Ne4 31. a4 Ke7 32. Nb5 Kd7 33. h3 f6 34. Nfd4 Bb4 35. g4 Nc5 36. f3 Nb7 37. Kd3 Nc5+ 38. Ke2 Na6 39. Nc2 Bc5 40. Kd3 Nb8 41. Ncd4 Na6 42. Nc2 Bf8 43. Ncd4 Bb4 44. Kc2 Bc5 45. Kc3 Nb4 46. Kd2 Bf8 47. Nc2 Nc6 48. Ncd4 Bb4+ 49. Ke2 Nd8 50. Kd3 Nb7 51. Nc3 Nc5+ 52. Kc2 Kd6 53. Ndb5+ Kc6 54. Nd4+ Kd6 55. Ndb5+ Kc6 56. Nd4+ Kd6 57. Ncb5+ Kd7 58. Nc3 Kd6 59. Ndb5+ Kc6 60. Ne2 Na6 61. Ned4+ Kd7 62. Nc3 1/2-1/2

[Event "Asia Cup (Women)"]
[Site "Abu Dhabi"]
[Date "2016.03.31"]
[Round "4.3"]
[White "Hoang, Thi Nhu Y"]
[Black "Abeer, Ali"]
[Result "1-0"]
[WhiteElo "2247"]
[BlackElo "1644"]
[PlyCount "55"]
[EventDate "2016.03.28"]
[EventType "team-swiss"]
[EventRounds "9"]
[EventCountry "UAE"]
[SourceTitle "CBM 171 Extra"]
[Source "ChessBase"]
[SourceDate "2016.04.26"]
[SourceVersion "1"]
[SourceVersionDate "2016.04.26"]
[SourceQuality "1"]
[WhiteTeam "Vietnam (W)"]
[BlackTeam "United Arab Emirates (W)"]
[WhiteTeamCountry "VIE"]
[BlackTeamCountry "UAE"]

1. d4 d5 2. Nf3 Nf6 3. c4 dxc4 4. Qa4+ c6 5. Qxc4 Bf5 6. Nc3 h6 7. Bf4 e6 8. e3 Be7 9. Be2 Nbd7 10. 0-0 0-0 11. Bg3 Nb6 12. Qb3 Qc8 13. a4 Nbd5 14. Nxd5 exd5 15. Rfc1 a5 16. Bh4 g5 17. Bg3 Ne4 18. Ne1 Bg6 19. Bd3 Bb4 20. Qc2 f5 21. Be5 Nd6 22. f4 g4 23. Qe2 Qd7 24. Nc2 Ne4 25. Nxb4 axb4 26. Qe1 c5 27. dxc5 Rxa4 28. c6 1-0

[Event "Asia Cup (Women)"]
[Site "Abu Dhabi"]
[Date "2016.03.29"]
[Round "2.3"]
[White "Hoang, Thi Nhu Y"]
[Black "Jehad, Aysha"]
[Result "1-0"]
[WhiteElo "2247"]
[BlackElo "1597"]
[PlyCount "92"]
[EventDate "2016.03.28"]
[EventType "team-swiss"]
[EventRounds "9"]
[EventCountry "UAE"]
[SourceTitle "CBM 171 Extra"]
[Source "ChessBase"]
[SourceDate "2016.04.26"]
[SourceVersion "1"]
[SourceVersionDate "2016.04.26"]
[SourceQuality "1"]
[WhiteTeam "Vietnam (W)"]
[BlackTeam "United Arab Emirates (W) II"]
[WhiteTeamCountry "VIE"]
[BlackTeamCountry "UAE"]

1. c4 c5 2. g3 Nc6 3. Bg2 g6 4. Nf3 e5 5. Nc3 Bg7 6. d3 Nge7 7. 0-0 0-0 8. a3 d6 9. Rb1 a5 10. Ne1 Be6 11. Nc2 d5 12. cxd5 Nxd5 13. Ne3 Nde7 14. Nc4 b6 15. Bd2 Rb8 16. Nb5 Nd4 17. Nxd4 cxd4 18. b4 Nd5 19. bxa5 b5 20. Bxd5 Qxd5 21. Nb6 Rxb6 22. axb6 Bh3 23. f3 Bxf1 24. Kxf1 Rb8 25. Qb3 Qxb3 26. Rxb3 Rxb6 27. a4 b4 28. Rxb4 Rxb4 29. Bxb4 Bf6 30. a5 Bd8 31. a6 Bb6 32. Bd6 f6 33. Bb8 Kf7 34. a7 Bxa7 35. Bxa7 Ke6 36. Ke1 Kd5 37. e4+ dxe3 38. Ke2 Ke6 39. Kxe3 h5 40. f4 Kf5 41. fxe5 Kxe5 42. Bd4+ Kf5 43. h3 Ke6 44. Bc3 g5 45. Kf3 f5 46. h4 Kd5 1-0

[Event "VIE-ch (Women)"]
[Site "Ho Chi Minh City"]
[Date "2015.04.22"]
[Round "7"]
[White "Hoang, Thi Nhu Y"]
[Black "Vo, Thi Kim Phung"]
[Result "1/2-1/2"]
[WhiteElo "2299"]
[BlackElo "2197"]
[PlyCount "92"]
[EventDate "2015.04.18"]
[EventType "swiss"]
[EventRounds "9"]
[EventCountry "VIE"]
[SourceTitle "CBM 166 Extra"]
[Source "ChessBase"]
[SourceDate "2015.06.18"]
[SourceVersion "1"]
[SourceVersionDate "2015.06.18"]
[SourceQuality "1"]

1. d4 Nf6 2. Nf3 e6 3. g3 d5 4. Bg2 Nbd7 5. 0-0 c5 6. c4 dxc4 7. Qa4 Nd5 8. Qxc4 N5b6 9. Qc2 a6 10. Rd1 cxd4 11. Nxd4 Be7 12. Nb3 a5 13. Bf4 0-0 14. a4 Bb4 15. Bc7 Qe7 16. e4 e5 17. Nc3 Re8 18. Bf1 Qe6 19. Bb5 Rf8 20. Nd5 Nxd5 21. Rxd5 Qh3 22. Bf1 Qh6 23. Bxa5 Bxa5 24. Rxa5 Rxa5 25. Nxa5 Nf6 26. Nc4 Qh5 27. Qc3 Nxe4 28. Qxe5 Qf3 29. Qd4 Ng5 30. Nd2 Qf5 31. h4 Ne6 32. Qe4 Qf6 33. Nc4 Rd8 34. Bg2 Rd4 35. Qe2 Qd8 36. b4 Nc7 37. Na5 Rxb4 38. Rd1 Qf8 39. Qc2 Ne6 40. Rc1 Bd7 41. Nxb7 Bxa4 42. Qc8 g6 43. Qxf8+ Kxf8 44. Nc5 Nxc5 45. Rxc5 h5 46. Bd5 Bb3 1/2-1/2

[Event "VIE-ch (Women)"]
[Site "Ho Chi Minh City"]
[Date "2015.04.20"]
[Round "4"]
[White "Hoang, Thi Nhu Y"]
[Black "Le, Hoang Tran Chau"]
[Result "1/2-1/2"]
[WhiteElo "2299"]
[BlackElo "2159"]
[PlyCount "62"]
[EventDate "2015.04.18"]
[EventType "swiss"]
[EventRounds "9"]
[EventCountry "VIE"]
[SourceTitle "CBM 166 Extra"]
[Source "ChessBase"]
[SourceDate "2015.06.18"]
[SourceVersion "1"]
[SourceVersionDate "2015.06.18"]
[SourceQuality "1"]

1. d4 Nf6 2. Nf3 e6 3. c4 Bb4+ 4. Bd2 Qe7 5. Qc2 Bxd2+ 6. Nbxd2 d6 7. e4 e5 8. d5 Nbd7 9. Be2 a5 10. 0-0 0-0 11. b3 Nh5 12. g3 g6 13. Nh4 Ng7 14. a3 b6 15. b4 f5 16. exf5 gxf5 17. Rae1 Nf6 18. f4 e4 19. Ra1 Kh8 20. Rfe1 Bd7 21. Nf1 Nfh5 22. Bxh5 Nxh5 23. Qc3+ Qg7 24. Qxg7+ Kxg7 25. Ne3 Kf6 26. Kf2 Ra7 27. b5 Ng7 28. Rg1 h5 29. Nd1 Raa8 30. Ke3 Kf7 31. Kd4 Rh8 1/2-1/2

[Event "VIE-ch Resolution (Women) 7th"]
[Site "Bac Giang"]
[Date "2014.12.06"]
[Round "2"]
[White "Bui, Kim Le"]
[Black "Hoang, Thi Nhu Y"]
[Result "1-0"]
[WhiteElo "2055"]
[BlackElo "2299"]
[PlyCount "61"]
[EventDate "2014.12.05"]
[EventType "swiss"]
[EventRounds "9"]
[EventCountry "VIE"]
[SourceTitle "EXT 2016"]
[Source "ChessBase"]
[SourceDate "2015.10.08"]
[SourceVersion "1"]
[SourceVersionDate "2015.10.08"]
[SourceQuality "1"]

1. e4 c6 2. d4 d5 3. Nc3 dxe4 4. Nxe4 Nf6 5. Nxf6+ exf6 6. Nf3 Bd6 7. Be2 0-0 8. Be3 a5 9. Qd2 a4 10. a3 b5 11. 0-0 Nd7 12. d5 cxd5 13. Qxd5 Nb6 14. Qc6 Ra6 15. Qxb5 Qc7 16. Qh5 Nc4 17. Bd4 Ra5 18. Qh4 Nxb2 19. c4 Re8 20. Rfe1 Qb8 21. Ra2 Rxe2 22. Rxe2 Nxc4 23. Re8+ Bf8 24. Ra1 Nd6 25. Rxf8+ Kxf8 26. Qxh7 Ne8 27. Re1 Be6 28. Bc3 Rb5 29. Nd4 Rb6 30. Bb4+ Rxb4 31. Nxe6+ 1-0

[Event "Olympiad Women-41"]
[Site "Tromsoe"]
[Date "2014.08.12"]
[Round "10.2"]
[White "Zatonskih, Anna"]
[Black "Hoang, Thi Nhu Y"]
[Result "1-0"]
[WhiteElo "2466"]
[BlackElo "2269"]
[PlyCount "83"]
[EventDate "2014.08.02"]
[EventType "team-swiss"]
[EventRounds "11"]
[EventCountry "NOR"]
[SourceTitle "CBM 162"]
[Source "ChessBase"]
[SourceDate "2014.09.17"]
[SourceVersion "1"]
[SourceVersionDate "2014.09.17"]
[SourceQuality "1"]
[WhiteTeam "United States (W)"]
[BlackTeam "Vietnam (W)"]
[WhiteTeamCountry "USA"]
[BlackTeamCountry "VIE"]

1. d4 d5 2. c4 c6 3. Nf3 Nf6 4. Nc3 e6 5. e3 Nbd7 6. Bd3 Bd6 7. e4 dxe4 8. Nxe4 Nxe4 9. Bxe4 Qc7 10. 0-0 Bf4 11. Re1 Bxc1 12. Rxc1 0-0 13. c5 Nf6 14. Bb1 b5 15. Ne5 Rd8 16. Rc3 Bd7 17. Rf3 Be8 18. Qd3 Qa5 19. Rf1 Qb4 20. Rf4 h5 21. g4 hxg4 22. Nxg4 Kf8 23. Nxf6 gxf6 24. Qh7 f5 25. Qh4 Qd2 26. Bxf5 exf5 27. Qh6+ Ke7 28. Re4+ fxe4 29. Qxd2 f6 30. f3 Bg6 31. Kh1 Kf7 32. Qf4 Re8 33. Qc7+ Re7 34. Qxc6 Rd8 35. d5 Bf5 36. d6 Re5 37. f4 Ree8 38. Qd5+ Be6 39. Qh5+ Kf8 40. Qh6+ Kf7 41. Qh7+ Kf8 42. Rg1 1-0

[Event "Olympiad Women-41"]
[Site "Tromsoe"]
[Date "2014.08.11"]
[Round "9.2"]
[White "Hoang, Thi Nhu Y"]
[Black "Foisor, Cristina Adela B"]
[Result "0-1"]
[WhiteElo "2269"]
[BlackElo "2404"]
[PlyCount "76"]
[EventDate "2014.08.02"]
[EventType "team-swiss"]
[EventRounds "11"]
[EventCountry "NOR"]
[SourceTitle "CBM 162"]
[Source "ChessBase"]
[SourceDate "2014.09.17"]
[SourceVersion "1"]
[SourceVersionDate "2014.09.17"]
[SourceQuality "1"]
[WhiteTeam "Vietnam (W)"]
[BlackTeam "Romania (W)"]
[WhiteTeamCountry "VIE"]
[BlackTeamCountry "ROU"]

1. c4 g6 2. Nf3 Bg7 3. g3 c5 4. Bg2 Nc6 5. 0-0 b6 6. Nc3 Bb7 7. a3 d6 8. Rb1 Qd7 9. e3 e6 10. d4 Nge7 11. b4 0-0 12. Ne2 Rfd8 13. Qb3 Rab8 14. Bd2 cxd4 15. exd4 Nf5 16. Bc3 Nce7 17. Rfd1 b5 18. c5 Bd5 19. Qb2 Qb7 20. Ne1 Bxg2 21. Nxg2 Nd5 22. Be1 dxc5 23. bxc5 Qa6 24. g4 Nfe7 25. Qb3 Nc6 26. Ne3 b4 27. Nxd5 Qxe2 28. Ne3 Bxd4 29. axb4 Bxe3 30. Rxd8+ Rxd8 31. Qxe3 Qxg4+ 32. Qg3 Qe4 33. Rc1 Nd4 34. Qc7 Ne2+ 35. Kf1 Rd5 36. Ra1 Nf4 37. Qb8+ Kg7 38. Bc3+ e5 0-1

[Event "Olympiad Women-41"]
[Site "Tromsoe"]
[Date "2014.08.09"]
[Round "7.2"]
[White "Hoang, Thi Nhu Y"]
[Black "Bjerke, Silje"]
[Result "1-0"]
[WhiteElo "2269"]
[BlackElo "2189"]
[PlyCount "81"]
[EventDate "2014.08.02"]
[EventType "team-swiss"]
[EventRounds "11"]
[EventCountry "NOR"]
[SourceTitle "CBM 162"]
[Source "ChessBase"]
[SourceDate "2014.09.17"]
[SourceVersion "1"]
[SourceVersionDate "2014.09.17"]
[SourceQuality "1"]
[WhiteTeam "Vietnam (W)"]
[BlackTeam "Norway (W)"]
[WhiteTeamCountry "VIE"]
[BlackTeamCountry "NOR"]

1. d4 Nf6 2. Bg5 e6 3. Nf3 c5 4. c3 b6 5. Nbd2 Bb7 6. e3 Be7 7. Bd3 0-0 8. 0-0 d5 9. Ne5 Nc6 10. f4 h6 11. Bh4 Ne4 12. Bxe7 Nxe7 13. Bxe4 dxe4 14. dxc5 bxc5 15. Ndc4 Bd5 16. Qa4 f6 17. Ng4 Nf5 18. Rfe1 Qc7 19. Nf2 Qf7 20. Nd2 Qg6 21. Nfxe4 h5 22. Re2 h4 23. h3 c4 24. b3 cxb3 25. axb3 Rf7 26. Nf1 Rb8 27. Ned2 Nd6 28. e4 Ba8 29. Qd4 Nb5 30. Qc4 f5 31. Qb4 Rb6 32. Ra5 Nd6 33. exf5 Qh5 34. Qxb6 axb6 35. Rxa8+ Kh7 36. Rxe6 Nxf5 37. Nf3 Rf6 38. Ree8 Nh6 39. Rh8+ Kg6 40. Ne5+ Kf5 41. g4+ 1-0

[Event "Asia-chT (Women) 08th"]
[Site "Tabriz"]
[Date "2014.05.23"]
[Round "2.2"]
[White "Hoang, Thi Nhu Y"]
[Black "Gomes, Mary Ann"]
[Result "0-1"]
[WhiteElo "2225"]
[BlackElo "2359"]
[PlyCount "148"]
[EventDate "2014.05.22"]
[EventType "team-tourn"]
[EventRounds "5"]
[EventCountry "IRI"]
[SourceTitle "CBM 160 Extra"]
[Source "ChessBase"]
[SourceDate "2014.07.01"]
[SourceVersion "1"]
[SourceVersionDate "2014.07.01"]
[SourceQuality "1"]
[WhiteTeam "Vietnam (W)"]
[BlackTeam "India (W)"]
[WhiteTeamCountry "VIE"]
[BlackTeamCountry "IND"]

1. d4 Nf6 2. Nf3 c5 3. c3 g6 4. Bf4 b6 5. Nbd2 Bb7 6. e3 Bg7 7. Be2 0-0 8. 0-0 d6 9. Qb1 Nbd7 10. h3 e5 11. Bh2 Qe7 12. Nc4 Ne8 13. Re1 f5 14. a4 e4 15. Nfd2 d5 16. Na3 a6 17. Nc2 Kh8 18. a5 b5 19. dxc5 Nxc5 20. Qa2 Ne6 21. Qa3 Qxa3 22. Rxa3 f4 23. exf4 Nxf4 24. Bf1 Nd6 25. Nb3 Rae8 26. Nc5 Bc8 27. Raa1 Be5 28. Rad1 Nxh3+ 29. gxh3 Bxh2+ 30. Kxh2 Rxf2+ 31. Kg1 Rxc2 32. Rxd5 Nf7 33. Rxe4 Rxe4 34. Nxe4 Bb7 35. Rd4 Rxb2 36. Nd2 Ne5 37. Be2 Ra2 38. Kf2 Rxa5 39. Ke3 Kg7 40. Kf4 Nf7 41. Rd7 Bc8 42. Ra7 Ra4+ 43. Ke3 Bxh3 44. Ne4 h6 45. Nc5 Ra1 46. Nxa6 Bf1 47. Bf3 Bc4 48. Ra8 Ne5 49. Bb7 Rd1 50. Be4 h5 51. Nc5 Kh6 52. Bg2 Ng4+ 53. Kf4 Rd2 54. Bf3 Rf2 55. Ne4 Rf1 56. Nd2 g5+ 57. Kf5 Bd3+ 58. Ke6 Rf2 59. Rh8+ Kg6 60. Rg8+ Kh7 61. Rd8 Bg6 62. Ne4 Rf1 63. Bxg4 hxg4 64. Nf6+ Kg7 65. Rg8+ Kh6 66. Rh8+ Bh7 67. Kf7 Rxf6+ 68. Kxf6 g3 69. Rd8 g2 70. Rd1 Kh5 71. Rg1 Be4 72. Ke5 Bc6 73. Kd4 Kg4 74. Ke3 Kg3 0-1

[Event "Asia-chT (Women) 08th"]
[Site "Tabriz"]
[Date "2014.05.22"]
[Round "1.2"]
[White "Hoang, Thi Nhu Y"]
[Black "Guo, Qi"]
[Result "1/2-1/2"]
[WhiteElo "2225"]
[BlackElo "2442"]
[PlyCount "77"]
[EventDate "2014.05.22"]
[EventType "team-tourn"]
[EventRounds "5"]
[EventCountry "IRI"]
[SourceTitle "CBM 160 Extra"]
[Source "ChessBase"]
[SourceDate "2014.07.01"]
[SourceVersion "1"]
[SourceVersionDate "2014.07.01"]
[SourceQuality "1"]
[WhiteTeam "Vietnam (W)"]
[BlackTeam "China (W)"]
[WhiteTeamCountry "VIE"]
[BlackTeamCountry "CHN"]

1. d4 d5 2. c4 e6 3. Nc3 Bb4 4. Nf3 Nf6 5. cxd5 exd5 6. Qa4+ Nc6 7. Ne5 Bd7 8. Nxc6 Bxc3+ 9. bxc3 Bxc6 10. Qa3 Bb5 11. Bg5 h6 12. Bf4 Qd7 13. g3 Nh5 14. Be3 f5 15. Bg2 Kf7 16. Bf3 Nf6 17. Bf4 Rhe8 18. Be5 Qc6 19. Bxf6 Kxf6 20. Qb2 Re7 21. 0-0 Bc4 22. Rfc1 b6 23. e3 Kf7 24. Be2 a5 25. Rab1 Rd8 26. Bxc4 Qxc4 27. Qb3 g5 28. Qxc4 dxc4 29. Rb5 Kf6 30. Kg2 g4 31. Rh1 h5 32. h3 Kg6 33. hxg4 hxg4 34. a4 Ree8 35. Rd1 Rd6 36. Rh1 Rdd8 37. Rd1 Rd6 38. Rh1 Rdd8 39. Ra1 1/2-1/2

[Event "Asian Continental op (Women) 13th"]
[Site "Sharjah"]
[Date "2014.04.20"]
[Round "4"]
[White "Gomes, Mary Ann"]
[Black "Hoang, Thi Nhu Y"]
[Result "0-1"]
[WhiteElo "2386"]
[BlackElo "2207"]
[PlyCount "68"]
[EventDate "2014.04.17"]
[EventType "swiss"]
[EventRounds "9"]
[EventCountry "UAE"]
[SourceTitle "CBM 160 Extra"]
[Source "ChessBase"]
[SourceDate "2014.07.01"]
[SourceVersion "1"]
[SourceVersionDate "2014.07.01"]
[SourceQuality "1"]

1. Nf3 d5 2. g3 Bg4 3. Bg2 c6 4. d3 Nf6 5. Nbd2 Nbd7 6. 0-0 e6 7. b3 Bd6 8. Bb2 0-0 9. e4 Ne5 10. Qe1 Nxf3+ 11. Bxf3 Bxf3 12. Nxf3 Nd7 13. e5 Bc7 14. Kg2 c5 15. d4 cxd4 16. Bxd4 Bb6 17. Qe3 Rc8 18. Rac1 Bxd4 19. Nxd4 Qc7 20. f4 a6 21. Rf3 b5 22. Re1 Rfe8 23. Re2 b4 24. Qd2 Qb8 25. f5 Nxe5 26. Rf4 exf5 27. Nxf5 Ng6 28. Rxe8+ Rxe8 29. Rxb4 Qe5 30. Qd3 Qe1 31. Qd4 Re2+ 32. Kh3 Qf1+ 33. Kg4 Re4+ 34. Qxe4 h5+ 0-1

[Event "VIE-ch (Women)"]
[Site "Da Lat"]
[Date "2014.03.31"]
[Round "8"]
[White "Hoang, Thi Nhu Y"]
[Black "Hoang, Thi Bao Tram"]
[Result "1/2-1/2"]
[WhiteElo "2210"]
[BlackElo "2269"]
[PlyCount "62"]
[EventDate "2014.03.26"]
[EventType "swiss"]
[EventRounds "11"]
[EventCountry "VIE"]
[SourceTitle "CBM 159 Extra"]
[Source "ChessBase"]
[SourceDate "2014.04.24"]
[SourceVersion "1"]
[SourceVersionDate "2014.04.24"]
[SourceQuality "1"]

1. d4 d5 2. c4 c6 3. Nc3 Nf6 4. cxd5 cxd5 5. Nf3 Nc6 6. Bf4 Bf5 7. e3 e6 8. Bd3 Bg6 9. 0-0 Bd6 10. Bxd6 Qxd6 11. Rc1 0-0 12. a3 Rac8 13. Na4 Bxd3 14. Qxd3 b6 15. Rc2 Rc7 16. Rfc1 Rfc8 17. h3 Ne7 18. Rxc7 Rxc7 19. Rxc7 Qxc7 20. Qc3 Qxc3 21. Nxc3 Nd7 22. Kf1 Nc6 23. Ke2 Kf8 24. Nd2 Ke7 25. Kd3 f5 26. f4 Nf6 27. Nf3 Ne4 28. b4 Nxc3 29. Kxc3 Kd6 30. a4 a5 31. bxa5 bxa5 1/2-1/2

[Event "VIE-ch (Women)"]
[Site "Da Lat"]
[Date "2014.03.28"]
[Round "4"]
[White "Pham, Le Thao Nguyen"]
[Black "Hoang, Thi Nhu Y"]
[Result "1/2-1/2"]
[WhiteElo "2349"]
[BlackElo "2210"]
[PlyCount "79"]
[EventDate "2014.03.26"]
[EventType "swiss"]
[EventRounds "11"]
[EventCountry "VIE"]
[SourceTitle "CBM 159 Extra"]
[Source "ChessBase"]
[SourceDate "2014.04.24"]
[SourceVersion "1"]
[SourceVersionDate "2014.04.24"]
[SourceQuality "1"]

1. d4 d5 2. c4 c6 3. cxd5 cxd5 4. Nc3 Nc6 5. Bf4 Nf6 6. e3 a6 7. Bd3 e6 8. Rc1 Bd7 9. h3 Rc8 10. Nf3 Na5 11. 0-0 Bb4 12. Ne5 0-0 13. Bg5 Be7 14. Qe2 Bc6 15. Nb1 Nd7 16. Bxe7 Qxe7 17. Nd2 Nxe5 18. dxe5 Qb4 19. Nf3 Bb5 20. Bxb5 axb5 21. b3 Rxc1 22. Rxc1 Nc6 23. Qc2 Ra8 24. Qc5 Qxc5 25. Rxc5 Rxa2 26. Rxb5 Ra1+ 27. Kh2 Ra7 28. Kg3 Kf8 29. Kf4 Ke7 30. h4 h6 31. h5 Kd7 32. Nd4 Nxd4 33. exd4 Kc6 34. Rc5+ Kd7 35. Rc3 Ra2 36. Rf3 Rb2 37. Kg3 Ke7 38. Rc3 Kd7 39. Rf3 Ke7 40. Rc3 1/2-1/2